| 000 | 01691nam a2200421Ii 4500 | ||
|---|---|---|---|
| 001 | DIGEDIUOC237 | ||
| 003 | NyNyDIG | ||
| 008 | 140801s2011 sp ob 000 0 spa d | ||
| 006 | m o d | ||
| 007 | cr ||||||||||| | ||
| 020 |
_a9788490291115 _q(eBook) |
||
| 020 | _z8497883055 | ||
| 020 | _z9788497883054 | ||
| 035 | _a(OCoLC)823655834 | ||
| 040 |
_aDGITA _beng _erda _epn _cDGITA |
||
| 050 | 1 | 4 | _aHM258 eBook |
| 100 | 1 |
_aNiqui, Cinto, _eauthor. |
|
| 245 | 1 | 3 |
_aLa comunicación es vida : _breflexiones eclécticas sobre TICS y contenidos audiovisuales / _cCinto Niqui. |
| 250 | _aPrimera edición en lengua castellana. | ||
| 264 | 1 |
_aBarcelona : _bUniversitat Oberta de Catalunya, _c2011. |
|
| 300 | _a1 online resource (232 pages). | ||
| 336 |
_atext _btxt _2rdacontent |
||
| 337 |
_acomputer _bc _2rdamedia |
||
| 338 |
_aonline resource _bcr _2rdacarrier |
||
| 490 | 1 |
_aManuales ; _v191. _aComunicación |
|
| 588 | 0 | _aOnline resource; title from ePub and PDF title page (Digitalia, viewed August 10, 2014) | |
| 650 | 0 | _aMass media. | |
| 650 | 0 | _aInformation technology. | |
| 655 | 0 | _aElectronic books. | |
| 791 | 2 |
_aDigitalia (Firm), _edistributor. |
|
| 793 | 0 |
_gDigitalia eBook Collection: _aUniversitat Oberta de Catalunya. |
|
| 776 | 0 | 8 |
_iPrint version: _aNiqui, Cinto. _tComunicación es vida : reflexiones eclécticas sobre TICS y contenidos audiovisuales. _dBarcelona : Universitat Oberta de Catalunya, 2011. _z9788497883054 |
| 830 | 0 | _aComunicación (Editorial UOC) | |
| 830 | 0 |
_aManuales (Editorial UOC) ; _v191 |
|
| 856 | 4 | 0 |
_3Digitalia Hispánica _uhttps://www.digitaliapublishing.com/a/20269/ |
| 910 | _aPremium Collection: 2013 | ||
| 942 | _cRAA | ||
| 999 |
_c236844 _d236844 |
||